Geografía por Imágenes- V - Estadísticas

Estadísticas generales
  • Esta prueba ha sido intentada 3.130 veces
  • La puntuación promedio es 11 de 18
Estadísticas de respuestas
Imagen Hint Respuesta % Correcto
país Venezuela
99%
país Ciudad del {Vaticano}
90%
capital Viena
84%
ciudad Valencia
81%
país Vietnam
76%
estado de los EE.UU. Virginia
76%
país Vanuatu
75%
volcán Vesubio
68%
ciudad española Valladolid
67%
ciudad canadiense Vancouver
66%
río Volga
60%
lago Victoria
55%
archipiélago (en rojo) Islas {Vírgenes}
53%
capital Varsovia
53%
estado Veracruz
43%
región Véneto
35%
río Vístula
27%
ciudad Vitoria
23%
No se encontraron pruebas coincidentes
Distribución de puntuación
Porcentaje de gente con cada puntuación
Porcentaje por número respondido
Historial de tus puntuaciones
No has intentado esta prueba.